000
00329nam a22001577a 4500
003
SGT
020
_a
81-239-1393-1
082
_a
615.4
_b
P17A
100
_a
AGARWAL, S.P
245
_a
PHYSICAL PHARMACY
250
_a
2ND
260
_a
NEW DELHI
_b
C.B.S PUB
_c
2017
300
_a
330
650
_a
PHARMACY
942
_2
ddc
_c
BK
_0
118
999
_c
11140
_d
11140